000 00830nam a2200229 a 4500
001 000035938
003 DO-SdBNP
005 20251209115139.0
008 111117s2011 dr ac 000 0 spa d
020 _a9789993427186
040 _aDO-SdBNP
_bspa
_cBNPHU
082 _a324.97293
_bG738c
100 1 _aGraham, John W.
_961961
245 1 3 _aLa crisis electoral de 1994 :
_balejándose del precipicio; una crónica del mediador de la OEA /
_cJhon W. Graham.
260 _aSanto Domingo :
_bFundación Cultural Dominicana,
_c2011.
300 _a101 p. :
_bil., retrs. ;
_c28 cm.
590 _aInventariado, 2018/BT
650 0 _aElecciones
_zRepública Dominicana
_y1994
_96411
650 0 _aElecciones
_xPrácticas corruptas
_zRepública Dominicana
_y1994
_988852
910 _aValidado. Control de calidad. MFF
942 _2ddc
_cLBS1
999 _c35429
_d35429